El Maltrato infantil y la atención integral de salud /
Shranjeno v:
| Glavni avtor: | |
|---|---|
| Format: | Texto |
| Oznake: |
Označite
Brez oznak, prvi označite!
|
MARC
| LEADER | 00000 a a2200000 04500 | ||
|---|---|---|---|
| 001 | 3233 | ||
| 003 | |||
| 040 | |||
| 100 | |a Calle Galán, Hugo | ||
| 245 | |a El Maltrato infantil y la atención integral de salud / |c Hugo Calle Galán | ||
| 773 | |g número 6; páginas 24-34 | ||
| 999 | |c 38714 |d 38714 | ||
